[Event "8 Player Open 11"]
[Site "SchemingMind.com"]
[Date "2014.09.01"]
[Round "-"]
[White "khayman"]
[Black "GBEDARD"]
[Result "1-0"]
[WhiteCountry "ENG"]
[BlackCountry "USA"]
[WhiteElo "2467"]
[WhiteRD "103"]
[BlackElo "2028"]
[BlackRD "65"]
[GameID "363983"]

1. d4 Nf6 2. c4 e6 3. g3 d5 4. Bg2 dxc4 5. Nf3 a6 6. Ne5 c5 7. Na3 cxd4 8. Naxc4 Bc5 9. O-O O-O 10. e3 Nbd7
11. exd4 Nxe5 12. dxe5 Nd5 13. Qg4 Qc7 14. Bg5 Kh8 15. Rac1 f6 16. exf6 Nxf6 17. Qe2 Nd5 18. Qh5 h6 19. Be4 Qf7 20. Qxf7 Rxf7
21. Ne5 Bxf2+ 22. Rxf2 Rxf2 23. Kxf2 hxg5 24. Ng6+ Kg8 25. Bxd5 exd5 26. Ne7+ Kf7 27. Nxc8 Ke6 28. Ke3 Ke5 29. Kd3 b5 30. Rc2 Kf5
31. Kd4 Kg4 32. Kxd5 Rb8 33. Ne7 Rf8 34. Kc5 Kf3 35. Kb6 g4 36. Kxa6 Ra8+ 37. Kxb5 Rxa2 38. Nc6 Ra8 39. b4 Rh8 40. Kc5 Ke4
41. b5 Kd3 42. Nb4+ Ke3 43. b6 Ke4 44. Rc4+ Kf3 45. b7 Rb8 46. Kb6
1-0

[Event "8 Player Open 11"]
[Site "SchemingMind.com"]
[Date "2014.09.02"]
[Round "-"]
[White "GBEDARD"]
[Black "khayman"]
[Result "0-1"]
[WhiteCountry "USA"]
[BlackCountry "ENG"]
[WhiteElo "2034"]
[WhiteRD "64"]
[BlackElo "2445"]
[BlackRD "113"]
[GameID "363984"]

1. e4 c5 2. Nf3 d6 3. d4 cxd4 4. Nxd4 Nf6 5. Nc3 g6 6. Be3 Bg7 7. f3 O-O 8. Qd2 Nc6 9. O-O-O d5 10. exd5 Nxd5
11. Nxc6 bxc6 12. Bd4 e5 13. Bc5 Be6 14. Nxd5 cxd5 15. Bb5 Qc7 16. Bxf8 Rxf8 17. Ba4 Rb8 18. Rhe1 e4 19. Bb3 a5 20. fxe4 a4
21. exd5 axb3 22. axb3 Ra8 23. Qb4 Ra1+ 24. Kd2 Bh6+ 25. Kd3 Rxd1+ 26. Rxd1 Bf5+ 27. Ke2 Qxc2+ 28. Ke1 Qxg2 29. Qb8+ Bf8 30. Rd2 Qg1+
31. Ke2 Qg5 32. Qa7 Bg4+ 33. Kd3 Qxd5+ 34. Kc3 Qc6+ 35. Kd3 Qf3+ 36. Kd4 Bg7+ 37. Kc4 Qf4+
0-1

[Event "8 Player Open 11"]
[Site "SchemingMind.com"]
[Date "2014.09.03"]
[Round "-"]
[White "khayman"]
[Black "Sahajaxx"]
[Result "1-0"]
[WhiteCountry "ENG"]
[BlackCountry "ENG"]
[WhiteElo "2445"]
[WhiteRD "113"]
[BlackElo "2191"]
[BlackRD "77"]
[GameID "364017"]

1. d4 Nf6 2. c4 g6 3. g3 Bg7 4. Bg2 O-O 5. Nc3 d6 6. Nf3 Nbd7 7. O-O c5 8. d5 Ng4 9. h3 Nge5 10. Nd2 Nb6
11. Qb3 f5 12. f4 Nf7 13. a4 Nd7 14. e4 Nh6 15. Nf3 Qb6 16. Qc2 fxe4 17. Nxe4 Nf5 18. a5 Qa6 19. Re1 Nf6 20. g4 Nxe4
21. Rxe4 Nd4 22. Nxd4 Bxd4+ 23. Rxd4 cxd4 24. Qd3 b6 25. Bd2 Rb8 26. Qxd4 bxa5 27. b4 Qb6 28. c5 Qc7 29. Bc3
1-0

[Event "8 Player Open 11"]
[Site "SchemingMind.com"]
[Date "2014.09.03"]
[Round "-"]
[White "Sahajaxx"]
[Black "khayman"]
[Result "0-1"]
[WhiteCountry "ENG"]
[BlackCountry "ENG"]
[WhiteElo "2191"]
[WhiteRD "77"]
[BlackElo "2445"]
[BlackRD "113"]
[GameID "364018"]

1. d4 Nf6 2. c4 g6 3. Nc3 Bg7 4. e4 d6 5. f3 O-O 6. Be3 Nbd7 7. Nge2 c5 8. dxc5 dxc5 9. Nf4 b6 10. Qc2 Ne5
11. Rd1 Nfd7 12. Nfd5 e6 13. Nf4 Ba6 14. Nb5 Nc6 15. h4 Nd4 16. Nxd4 cxd4 17. Bf2 h5 18. b3 Bb7 19. Be2 Qe7 20. O-O Rfd8
21. g3 Rac8 22. Kg2 Qd6 23. Qb1 a5 24. Rd2 Nc5 25. Rfd1 e5 26. Nd5 Rf8 27. Be1 f5 28. b4 axb4 29. Rb2 fxe4 30. fxe4 b3
31. axb3 Qe6 32. Ra2 Rcd8 33. Ra7 Bc8 34. Ne7+ Kh8 35. Nxc8 d3 36. Ne7 dxe2 37. Rxd8 Rxd8 38. Nd5 Qg4 39. Ne3 Rd1
0-1

[Event "8 Player Open 11"]
[Site "SchemingMind.com"]
[Date "2014.09.02"]
[Round "-"]
[White "GBEDARD"]
[Black "Sahajaxx"]
[Result "1/2-1/2"]
[WhiteCountry "USA"]
[BlackCountry "ENG"]
[WhiteElo "2034"]
[WhiteRD "64"]
[BlackElo "2191"]
[BlackRD "77"]
[GameID "364019"]

1. e4 c5 2. Nf3 d6 3. d4 cxd4 4. Nxd4 Nf6 5. Nc3 a6 6. Be3 e6 7. h3 Nc6 8. Qd2 Be7 9. O-O-O O-O 10. g4 Nxd4
11. Bxd4 e5 12. Be3 Be6 13. Kb1 Rc8 14. Be2 Qa5 15. Nd5 Qd8 16. Nxe7+ Qxe7 17. Qxd6 Qxd6 18. Rxd6 Nxe4 19. Rdd1 f5 20. Bf3 Rc4
21. gxf5 Bxf5 22. Be2 Rc6 23. Bf3 Rc4 24. Bg2 Rfc8 25. Rc1 Nd2+ 26. Ka1 Be4 27. Bxe4 Nxe4 28. Kb1 Rf8 29. Rh2 Rc6 30. c3 Rf5
31. Rg2 g6 32. Rd1 Rd6 33. Kc2 Rxd1 34. Kxd1 Kf7 35. a4 Nf6 36. Ke2 Ke6 37. c4 Rh5 38. Rg3 Ne4 39. Rg4 Nf6 40. Rg3 Ne4
41. Rg4 Nf6 42. Rg3=
1/2-1/2

[Event "8 Player Open 11"]
[Site "SchemingMind.com"]
[Date "2014.09.02"]
[Round "-"]
[White "Sahajaxx"]
[Black "GBEDARD"]
[Result "1/2-1/2"]
[WhiteCountry "ENG"]
[BlackCountry "USA"]
[WhiteElo "2191"]
[WhiteRD "77"]
[BlackElo "2034"]
[BlackRD "64"]
[GameID "364020"]

1. c4 Nf6 2. d4 e6 3. Nc3 c5 4. e3 d5 5. Nf3 Nc6 6. Be2 dxc4 7. Bxc4 a6 8. Bd3 cxd4 9. exd4 Nb4 10. Be2 Be7
11. O-O O-O 12. a3 Nbd5 13. Nxd5 Qxd5 14. Be3 b5 15. Ne5 Bb7 16. Bf3 Ne4 17. Qc2 Bd6 18. Bxe4 Qxe4 19. Qxe4 Bxe4 20. Rac1 Rfd8
21. f3 Bd5 22. Nd3 h6 23. Rf2 Rac8 24. Nc5 a5 25. Rfc2 Be7 26. Kf2 Bh4+ 27. g3 Be7 28. h4 b4 29. axb4 axb4 30. Nd3 Ra8
31. Bf4 b3 32. Rc7 Re8 33. Rd7 Rad8 34. Rcc7 Rxd7 35. Rxd7 Kf8 36. Be5 g5 37. Bd6 Bxd6 38. Rxd6 gxh4 39. gxh4 Ke7 40. Ra6 Ra8
41. Nc5 Rxa6 42. Nxa6 Kf6 43. Nc5 Kf5 44. Nd3 f6 45. Ke3 Bc4 46. Nf4 e5 47. dxe5 fxe5 48. Nh5=
1/2-1/2

[Event "8 Player Open 11"]
[Site "SchemingMind.com"]
[Date "2014.09.04"]
[Round "-"]
[White "khayman"]
[Black "Helga1946"]
[Result "1-0"]
[WhiteCountry "ENG"]
[BlackCountry "GER"]
[WhiteElo "2536"]
[WhiteRD "96"]
[BlackElo "2146"]
[BlackRD "80"]
[GameID "364049"]

1. d4 d5 2. c4 c6 3. Nf3 Nf6 4. e3 Bf5 5. Nc3 e6 6. Nh4 Bg6 7. Nxg6 hxg6 8. Bd2 Nbd7 9. g3 Qb6 10. c5 Qc7
11. Bg2 Be7 12. O-O g5 13. b4 g4 14. Rb1 b6 15. e4 dxe4 16. Bf4 Qb7 17. b5 cxb5 18. Re1 Qc6 19. Rxe4 Nxe4 20. Nxe4 Qc8
21. Qxg4 O-O 22. Bh6 g6 23. Qf3 bxc5 24. dxc5 Rd8 25. c6 f5 26. Qc3 Bf8 27. Bxf8 Rxf8 28. Nd6 Qc7 29. Nxb5 Qe5 30. cxd7 Qxc3
31. Nxc3 Rab8 32. Rd1 Rfd8 33. Na4 Kf7 34. Nc5 Ke7 35. Re1 Kd6 36. Nb7+ Kxd7 37. Rd1+ Ke7 38. Nxd8 Rxd8 39. Rxd8 Kxd8 40. f4
1-0

[Event "8 Player Open 11"]
[Site "SchemingMind.com"]
[Date "2014.09.04"]
[Round "-"]
[White "Helga1946"]
[Black "khayman"]
[Result "0-1"]
[WhiteCountry "GER"]
[BlackCountry "ENG"]
[WhiteElo "2146"]
[WhiteRD "80"]
[BlackElo "2536"]
[BlackRD "96"]
[GameID "364050"]

1. e4 e5 2. Nf3 Nc6 3. Bb5 a6 4. Ba4 Nf6 5. O-O Bc5 6. c3 b5 7. Bc2 d5 8. d4 dxe4 9. dxe5 exf3 10. Qxd8+ Nxd8
11. exf6 O-O 12. gxf3 Bh3 13. Rd1 Ne6 14. fxg7 Kxg7 15. Nd2 f5 16. Nf1 f4 17. Rd5 h6 18. a4 Rae8 19. axb5 axb5 20. Be4 Bb6
21. Rxb5 Nc5 22. Rxb6 cxb6 23. Ra7+ Kg8 24. Bd5+ Be6 25. Bc6 Rd8 26. Bd2 Bc4 27. b4 Nb3 28. Be1 Rf7 29. Rxf7 Kxf7 30. Ne3 fxe3
31. fxe3 Nc1 32. Be4 Rd1 33. Kf2 Nd3+ 34. Bxd3 Bxd3 35. c4 Bxc4 36. Bc3 Rf1+ 37. Kg2 b5 38. Bd4 Be2
0-1

[Event "8 Player Open 11"]
[Site "SchemingMind.com"]
[Date "2014.09.05"]
[Round "-"]
[White "GBEDARD"]
[Black "Helga1946"]
[Result "0-1"]
[WhiteCountry "USA"]
[BlackCountry "GER"]
[WhiteElo "2028"]
[WhiteRD "65"]
[BlackElo "2107"]
[BlackRD "89"]
[GameID "364051"]

1. e4 c5 2. Nf3 d6 3. d4 cxd4 4. Nxd4 Nf6 5. Nc3 a6 6. Be3 e5 7. Nb3 Be6 8. f3 Nbd7 9. Qd2 b5 10. O-O-O h5
11. Kb1 Be7 12. f4 Rc8 13. f5 Bc4 14. Bd3 O-O 15. Rhe1 Qc7 16. Bxc4 bxc4 17. Na1 Qb7 18. Nd5 Nxd5 19. Qxd5 Rc6 20. Qd2 c3
21. Qc1 Nf6 22. b3 Rcc8 23. g4 hxg4 24. Rg1 Qxe4 25. Rgf1 Rfe8 26. Bg5 Qe2 27. Bxf6 Bxf6 28. Rxd6 e4 29. Rdd1 e3 30. Rg1 Rcd8
31. Rde1 Qd2 32. Rxg4 e2 33. Rgg1 Bg5 34. Rxe2 Qxe2 35. Qf1 Qe7
0-1

[Event "8 Player Open 11"]
[Site "SchemingMind.com"]
[Date "2014.09.04"]
[Round "-"]
[White "Helga1946"]
[Black "GBEDARD"]
[Result "1-0"]
[WhiteCountry "GER"]
[BlackCountry "USA"]
[WhiteElo "2146"]
[WhiteRD "80"]
[BlackElo "1979"]
[BlackRD "67"]
[GameID "364052"]

1. e4 d6 2. d4 Nf6 3. Nc3 g6 4. Bg5 Bg7 5. Qd2 h6 6. Bh4 Nbd7 7. f4 c5 8. Nf3 cxd4 9. Nxd4 Nc5 10. e5 dxe5
11. fxe5 Nfe4 12. Nxe4 Nxe4 13. Qe3 Qa5+ 14. c3 Qxe5 15. Bb5+ Bd7 16. Bxd7+ Kxd7 17. O-O-O Ke8 18. Rhe1 f5 19. g4 Rf8 20. gxf5 gxf5
21. Bg3 Qc5 22. Ne6 Qxe3+ 23. Rxe3 Bf6 24. Kc2 Nxg3 25. hxg3 Rg8 26. Nc7+ Kf7 27. Nxa8 Rxa8 28. Rf3 e6 29. Rd7+ Kg6 30. Rxb7 e5
31. Rf1 h5 32. Rd1 h4 33. gxh4 Bxh4 34. Rd6+ Kg5 35. c4 Rc8 36. b3 Bf2 37. Rf7 Bd4 38. Rdf6 f4 39. Kd3 Kg4 40. Ke4 Kg3
41. Rg6+ Kf2 42. Rh7 Re8 43. b4 Kf1 44. c5 a5 45. c6 axb4 46. c7 Rc8 47. Kf3 Ke1 48. Rg2
1-0

[Event "8 Player Open 11"]
[Site "SchemingMind.com"]
[Date "2014.09.04"]
[Round "-"]
[White "Sahajaxx"]
[Black "Helga1946"]
[Result "0-1"]
[WhiteCountry "ENG"]
[BlackCountry "GER"]
[WhiteElo "2188"]
[WhiteRD "77"]
[BlackElo "2107"]
[BlackRD "89"]
[GameID "364053"]

1. d4 d5 2. Nf3 Nf6 3. Bg5 Ne4 4. Bf4 c5 5. c3 cxd4 6. cxd4 Nc6 7. Nc3 e6 8. Rc1 Bb4 9. e3 g5 10. Bg3 h5
11. h3 Nxg3 12. fxg3 Qc7 13. Kf2 Bd6 14. Nxg5 Bxg3+ 15. Kg1 f6 16. Nf3 h4 17. Bd3 Qg7 18. Bb5 Bd7 19. Na4 Rc8 20. Nc5 a6
21. Ba4 b5 22. Bc2 Bd6 23. Nxh4 Rxh4
0-1

[Event "8 Player Open 11"]
[Site "SchemingMind.com"]
[Date "2014.09.04"]
[Round "-"]
[White "Helga1946"]
[Black "Sahajaxx"]
[Result "0-1"]
[WhiteCountry "GER"]
[BlackCountry "ENG"]
[WhiteElo "2146"]
[WhiteRD "80"]
[BlackElo "2186"]
[BlackRD "78"]
[GameID "364054"]

1. e4 c5 2. Nf3 d6 3. d4 cxd4 4. Nxd4 Nf6 5. Nc3 a6 6. f3 e6 7. a3 Be7 8. Be3 O-O 9. Qd2 Nc6 10. O-O-O Qc7
11. h4 h5 12. Be2 Rd8 13. Bg5 Nxd4 14. Qxd4 b5 15. g4 Bb7 16. gxh5 Nxh5 17. Rhg1 e5 18. Qe3 g6 19. Kb1 Rab8 20. Rh1 Bxg5
21. hxg5 Kg7 22. Bf1 Qc5 23. Qe1 Rh8 24. Qd2 Nf4 25. Rh6 Rxh6 26. gxh6+ Kxh6 27. Qxd6 Qxd6 28. Rxd6 Rh8 29. a4 bxa4 30. Nxa4 Kg5
31. Bc4 f5 32. Nc5 Rc8 33. b4 a5 34. Bb5 Ba8 35. Bd7 Rc7 36. c3 fxe4 37. fxe4 Kh4 38. Kb2 axb4 39. cxb4 Bb7 40. Rd1 Kg3
41. Nxb7 Rxb7 42. b5 Ne2 43. Rd3+ Kf4 44. Bc6 Rb8 45. Rd7 Nd4 46. Kc3 Nxb5+ 47. Kd3 Nd4 48. Rf7+ Kg5 49. Bd5 Rb6 50. Re7 Kf4
51. Rf7+ Kg3 52. Rg7 Kf2 53. Bg8 Nf3 54. Kc4 g5 55. Kd5 Rf6 56. Be6 Kg3 57. Re7 Kf4 58. Bd7 Rf8 59. Rh7 g4 60. Rg7 Nh2
61. Be6 Rd8+ 62. Kc5 g3 63. Bh3 Kf3 64. Ra7 Kxe4 65. Bg2+ Kf4 66. Rf7+ Ke3 67. Bd5 Rg8 68. Rf5 Rc8+ 69. Kd6 e4 70. Rg5 Kf4
71. Rg7 Rd8+ 72. Kc5 Re8 73. Rf7+ Ke3 74. Rg7 Kf2 75. Kd6 e3 76. Rf7+ Ke1 77. Rg7 Nf1 78. Bc6 e2
0-1

[Event "8 Player Open 11"]
[Site "SchemingMind.com"]
[Date "2014.09.06"]
[Round "-"]
[White "khayman"]
[Black "ray winteringham"]
[Result "1-0"]
[WhiteCountry "ENG"]
[BlackCountry "ENG"]
[WhiteElo "2445"]
[WhiteRD "113"]
[BlackElo "1518"]
[BlackRD "50"]
[GameID "364115"]

1. d4 d5 2. c4 dxc4 3. e4 e6 4. Bxc4 c6 5. Nf3 Bb4+ 6. Nc3 Ne7 7. O-O b5 8. Bb3 Bb7 9. a3 Bd6 10. e5 Bc7
11. Ng5 g6 12. Bxe6 fxe6 13. Nxe6 Qd7 14. Ng7+ Kd8 15. Ne4 c5 16. Nxc5 Qd5 17. Nxb7+ Qxb7 18. Bg5 Bb6 19. d5 Kc8 20. Rc1+ Kd8
21. d6
1-0

[Event "8 Player Open 11"]
[Site "SchemingMind.com"]
[Date "2014.09.06"]
[Round "-"]
[White "GBEDARD"]
[Black "ray winteringham"]
[Result "1-0"]
[WhiteCountry "USA"]
[BlackCountry "ENG"]
[WhiteElo "2034"]
[WhiteRD "64"]
[BlackElo "1518"]
[BlackRD "50"]
[GameID "364117"]

1. e4 e5 2. Nf3 Nc6 3. Bb5 d6 4. d4 f6 5. Nc3 Bd7 6. d5 Nce7 7. Qd3 Ng6 8. Bxd7+ Qxd7 9. O-O a6 10. Be3 c5
11. dxc6 bxc6 12. Na4 Qb7 13. Qc4 N8e7 14. Nb6 Rb8 15. Rad1 Qc7 16. Qxa6 Nc8 17. Na4 Be7 18. Qc4 Nb6 19. Bxb6 Rxb6 20. Nxb6 Qxb6
21. a4 Kd7 22. b4 Rf8 23. a5 Qa7 24. Rd2 Qc7 25. Rfd1 Bd8 26. Rxd6+ Qxd6 27. Rxd6+ Kxd6 28. Nh4 Nxh4 29. Qc5+
1-0

[Event "8 Player Open 11"]
[Site "SchemingMind.com"]
[Date "2014.09.06"]
[Round "-"]
[White "ray winteringham"]
[Black "GBEDARD"]
[Result "0-1"]
[WhiteCountry "ENG"]
[BlackCountry "USA"]
[WhiteElo "1518"]
[WhiteRD "50"]
[BlackElo "2034"]
[BlackRD "64"]
[GameID "364118"]

1. e4 d6 2. d4 Nf6 3. f3 g6 4. Bd3 Bg7 5. Ne2 Nc6 6. Bb5 Bd7 7. Be3 a6 8. Bd3 e5 9. d5 Nb4 10. c3 Nxd3+
11. Qxd3 h5 12. Nd2 h4 13. O-O-O Bh6 14. Kb1 Bxe3 15. Qxe3 Qe7 16. f4 Ng4 17. Qf3 exf4 18. Nxf4 O-O-O 19. Rhf1 Nxh2 20. Qf2 Nxf1
21. Rxf1 Kb8 22. Nd3 f5 23. Re1 fxe4 24. Nxe4 Bf5 25. Nd2 Bxd3+ 26. Kc1 Rdf8 27. Qg3 hxg3 28. Rxe7 Rh1+
0-1

[Event "8 Player Open 11"]
[Site "SchemingMind.com"]
[Date "2014.09.05"]
[Round "-"]
[White "ray winteringham"]
[Black "Sahajaxx"]
[Result "0-1"]
[WhiteCountry "ENG"]
[BlackCountry "ENG"]
[WhiteElo "1518"]
[WhiteRD "50"]
[BlackElo "2191"]
[BlackRD "77"]
[GameID "364119"]

1. e4 c5 2. Nc3 Nc6 3. Nf3 e6 4. g3 e5 5. Bb5 d6 6. Nd5 Bd7 7. d3 a6 8. Ba4 b5 9. Bb3 Be7 10. O-O Na5
11. c3 Nxb3 12. Qxb3 Bg4 13. Ne1 Be2 14. a4 Nf6 15. Kg2 Bxf1+ 16. Kxf1 Nxd5 17. Qxd5 O-O 18. axb5 axb5 19. b3 Rxa1
0-1

[Event "8 Player Open 11"]
[Site "SchemingMind.com"]
[Date "2014.09.06"]
[Round "-"]
[White "Sahajaxx"]
[Black "ray winteringham"]
[Result "1-0"]
[WhiteCountry "ENG"]
[BlackCountry "ENG"]
[WhiteElo "2191"]
[WhiteRD "77"]
[BlackElo "1518"]
[BlackRD "50"]
[GameID "364120"]

1. d4 d5 2. Bf4 e6 3. Nf3 Bd6 4. Bxd6 Qxd6 5. e3 Nf6 6. c3 O-O 7. Bd3 g6 8. Ne5 Nc6 9. f4 Kg7 10. Nd2 h5
11. O-O b6 12. e4 Bb7 13. Nxc6 Qxc6 14. e5 Nh7 15. Nf3 f5 16. exf6+ Nxf6 17. Ne5 Qe8 18. Bxg6 Qb5 19. Bxh5 Qxb2 20. Qf3 Rh8
21. Qg3+ Kf8 22. Ng6+ Kg7 23. Nxh8+ Kxh8 24. Qg6 Nh7 25. Qxe6 Rg8 26. Qe5+ Rg7 27. Bf3 Bc8 28. Bxd5 Bd7 29. f5 Bb5 30. f6 Rxg2+
31. Bxg2
1-0

[Event "8 Player Open 11"]
[Site "SchemingMind.com"]
[Date "2014.09.06"]
[Round "-"]
[White "ray winteringham"]
[Black "Helga1946"]
[Result "0-1"]
[WhiteCountry "ENG"]
[BlackCountry "GER"]
[WhiteElo "1522"]
[WhiteRD "52"]
[BlackElo "2107"]
[BlackRD "89"]
[GameID "364121"]

1. e4 e5 2. Nf3 Nc6 3. Bb5 Nf6 4. d3 d6 5. O-O g6 6. h3 Bg7 7. c3 O-O 8. Be3 Bd7 9. c4 Nh5 10. Nc3 Nd4
11. Bxd7 Qxd7 12. b4 b5 13. Bxd4 exd4 14. Nxb5 a6 15. Nbxd4 c5 16. bxc5 dxc5 17. Nc2 Bxa1 18. Nxa1 Rfd8 19. Nb3 Qxd3 20. Qxd3 Rxd3
21. Ne5 Rc3 22. Nxc5 Kg7 23. Rd1 Re8 24. Rd7 Rxe5 25. Nxa6 Rxe4 26. Nc5 Rexc4 27. Ne6+ Kf6 28. Nf8 Rc1+ 29. Kh2 R4c2 30. Nxh7+ Kg7
31. Ng5 Rxf2 32. Rxf7+ Rxf7
0-1

[Event "8 Player Open 11"]
[Site "SchemingMind.com"]
[Date "2014.09.06"]
[Round "-"]
[White "Helga1946"]
[Black "ray winteringham"]
[Result "1-0"]
[WhiteCountry "GER"]
[BlackCountry "ENG"]
[WhiteElo "2107"]
[WhiteRD "89"]
[BlackElo "1522"]
[BlackRD "52"]
[GameID "364122"]

1. Nf3 Nf6 2. d4 g6 3. g3 Bg7 4. Bg2 d5 5. O-O Nc6 6. Bf4 O-O 7. c3 b6 8. c4 dxc4 9. Ne5 Nxd4 10. e3 Ne6
11. Bxa8 Nc5 12. Qxd8 Rxd8 13. Nc3 Bh3 14. Bg2 Bxg2 15. Kxg2 Nd5 16. Nxd5 Rxd5 17. Rfd1 Rxe5 18. Rd8+ Bf8 19. Bxe5 Nd3 20. Bxc7 Nxb2
21. Rc1 b5 22. Rb1 Nd3 23. Rxb5 Kg7 24. Rbb8
1-0

[Event "8 Player Open 11"]
[Site "SchemingMind.com"]
[Date "2014.09.06"]
[Round "-"]
[White "khayman"]
[Black "Stephen Woodhouse"]
[Result "1-0"]
[WhiteCountry "ENG"]
[BlackCountry "ENG"]
[WhiteElo "2445"]
[WhiteRD "113"]
[BlackElo "1838"]
[BlackRD "49"]
[GameID "364149"]

1. d4 e6 2. e4 d5 3. Nc3 Nf6 4. e5 Nfd7 5. f4 c5 6. Nf3 Nc6 7. Be3 cxd4 8. Nxd4 Bc5 9. Qd2 O-O 10. O-O-O a6
11. Qf2 Bxd4 12. Bxd4 b5 13. Be3 b4 14. Na4 a5 15. h4 Ba6 16. h5 Qc7 17. g4 Bxf1 18. Rhxf1 Rac8 19. h6 g6 20. Nb6 Nxb6
21. Bxb6 Qxb6 22. Qxb6
1-0

[Event "8 Player Open 11"]
[Site "SchemingMind.com"]
[Date "2014.09.06"]
[Round "-"]
[White "Stephen Woodhouse"]
[Black "khayman"]
[Result "1-0"]
[WhiteCountry "ENG"]
[BlackCountry "ENG"]
[WhiteElo "1838"]
[WhiteRD "49"]
[BlackElo "2445"]
[BlackRD "113"]
[GameID "364150"]

1. e4 e6 2. d4 d5 3. Nd2 c5 4. exd5 Qxd5 5. Ngf3 cxd4 6. Bc4 Qd8 7. O-O Nf6 8. Nb3 Nc6 9. Nbxd4 Nxd4 10. Qxd4 Qxd4
11. Nxd4 Bd7 12. Re1 Bc5 13. Nb3 Bb6 14. Be3 Bxe3 15. Rxe3 Rc8 16. Bd3 Nd5 17. Re2 Nf4 18. Rd2 Nxd3 19. cxd3 Ke7 20. Kf1 Rhd8
21. Ke1 Ba4 22. Rc1 Bxb3 23. Rxc8 Rxc8 24. axb3 Rc1+ 25. Ke2 Kd6 26. d4 Kd5 27. Kd3 g5 28. f3 h5 29. g3 Re1 30. b4 Rc1
31. Re2 Rc4 32. Re5+
1-0

[Event "8 Player Open 11"]
[Site "SchemingMind.com"]
[Date "2014.09.06"]
[Round "-"]
[White "GBEDARD"]
[Black "Stephen Woodhouse"]
[Result "1-0"]
[WhiteCountry "USA"]
[BlackCountry "ENG"]
[WhiteElo "2034"]
[WhiteRD "64"]
[BlackElo "1838"]
[BlackRD "49"]
[GameID "364151"]

1. e4 e6 2. d4 d5 3. Nc3 Nf6 4. Bg5 dxe4 5. Nxe4 Be7 6. Bxf6 Bxf6 7. Nf3 Nd7 8. Qd2 O-O 9. O-O-O b6 10. Bc4 Bb7
11. Rhe1 Bd5 12. Bd3 c5 13. c4 Bb7 14. dxc5 Nxc5 15. Nxc5 bxc5 16. Bxh7+ Kxh7 17. Qc2+
1-0

[Event "8 Player Open 11"]
[Site "SchemingMind.com"]
[Date "2014.09.06"]
[Round "-"]
[White "Stephen Woodhouse"]
[Black "GBEDARD"]
[Result "0-1"]
[WhiteCountry "ENG"]
[BlackCountry "USA"]
[WhiteElo "1838"]
[WhiteRD "49"]
[BlackElo "2034"]
[BlackRD "64"]
[GameID "364152"]

1. e4 d6 2. d4 Nf6 3. Nc3 g6 4. f4 Bg7 5. Nf3 O-O 6. Bd3 Na6 7. e5 Nd7 8. Be3 c5 9. Bxa6 bxa6 10. Qe2 Bb7
11. O-O-O Qb6 12. dxc5 Nxc5 13. Na4 Qb4 14. Nxc5 dxc5 15. c3 Qa5 16. Kb1 Be4+ 17. Ka1 Bf5 18. h3 Rab8 19. g4 Be4 20. Bc1 Bc6
21. Rhg1 Ba4 22. Rd2 Bb3 23. a3 Qa4 24. Ng5 Rfc8 25. Qe4 Bc4 26. Qc2 Qb5 27. Rgd1 Bb3 28. Qe4 Bxd1 29. Rxd1 Rd8 30. Rxd8+ Rxd8
31. Qc2 Qf1 32. Ka2 Bh6
0-1

[Event "8 Player Open 11"]
[Site "SchemingMind.com"]
[Date "2014.09.06"]
[Round "-"]
[White "ray winteringham"]
[Black "Stephen Woodhouse"]
[Result "0-1"]
[WhiteCountry "ENG"]
[BlackCountry "ENG"]
[WhiteElo "1518"]
[WhiteRD "50"]
[BlackElo "1838"]
[BlackRD "49"]
[GameID "364153"]

1. e4 e6 2. d4 d5 3. e5 c5 4. Nf3 cxd4 5. Nxd4 Bc5 6. Bb5+ Bd7 7. Bxd7+ Nxd7 8. Bf4 Ne7 9. O-O Ng6 10. Bg3 Ndxe5
11. c3 O-O 12. b4 Bb6 13. a4 Rc8 14. a5 Bc7 15. Qh5 Nc6 16. Nf3 Bxg3 17. fxg3 Qd6 18. Ng5 h6 19. Nxf7 Rxf7 20. Qxg6 Rxf1+
21. Kxf1 Rf8+ 22. Kg1 Qe5 23. Na3 Qe3+ 24. Kh1 Qxc3 25. Qxe6+ Kh8 26. Qe1 Qxb4 27. h3 Qxe1+ 28. Rxe1 Nxa5 29. Nb5 a6 30. Nd4 Nc6
31. Nb3 d4 32. Nc5 Rf7 33. g4 Nb4 34. Ra1 d3 35. Rd1 a5
0-1

[Event "8 Player Open 11"]
[Site "SchemingMind.com"]
[Date "2014.09.06"]
[Round "-"]
[White "Stephen Woodhouse"]
[Black "ray winteringham"]
[Result "1-0"]
[WhiteCountry "ENG"]
[BlackCountry "ENG"]
[WhiteElo "1838"]
[WhiteRD "49"]
[BlackElo "1518"]
[BlackRD "50"]
[GameID "364154"]

1. e4 Nf6 2. Nc3 e5 3. Nf3 Nc6 4. d4 exd4 5. Nxd4 Bb4 6. Nxc6 bxc6 7. Bd3 O-O 8. O-O Bxc3 9. bxc3 Bb7 10. Bg5 d6
11. Rb1 Rb8 12. Qf3 Kh8 13. Rb2 h6 14. Bxf6 Qxf6 15. Qxf6 gxf6 16. Rfb1 Rbe8 17. Rxb7
1-0

[Event "8 Player Open 11"]
[Site "SchemingMind.com"]
[Date "2014.09.06"]
[Round "-"]
[White "Sahajaxx"]
[Black "Stephen Woodhouse"]
[Result "1-0"]
[WhiteCountry "ENG"]
[BlackCountry "ENG"]
[WhiteElo "2191"]
[WhiteRD "77"]
[BlackElo "1838"]
[BlackRD "49"]
[GameID "364155"]

1. d4 e6 2. c4 f5 3. Nf3 Nf6 4. Nc3 Bb4 5. Bd2 b6 6. e3 Bb7 7. Bd3 O-O 8. O-O Bxc3 9. Bxc3 Ne4 10. Bxe4 Bxe4
11. Ne5 d6 12. f3 Bb7 13. Nd3 Nd7 14. Nf4 Qf6 15. d5 e5 16. Ne6 Rfc8 17. f4 Nf8 18. fxe5 dxe5 19. Nf4 Qd6 20. Nd3 g6
21. Bxe5 Qe7 22. Qf3 Nd7 23. Qg3 Nxe5 24. Nxe5 Re8 25. Rxf5 Bc8 26. Rg5 Bf5 27. Rxf5
1-0

[Event "8 Player Open 11"]
[Site "SchemingMind.com"]
[Date "2014.09.06"]
[Round "-"]
[White "Stephen Woodhouse"]
[Black "Sahajaxx"]
[Result "0-1"]
[WhiteCountry "ENG"]
[BlackCountry "ENG"]
[WhiteElo "1838"]
[WhiteRD "49"]
[BlackElo "2191"]
[BlackRD "77"]
[GameID "364156"]

1. e4 d5 2. exd5 Qxd5 3. Nf3 Bg4 4. Be2 Nf6 5. d4 e6 6. h3 Bf5 7. c4 Qa5+ 8. Bd2 Qb6 9. O-O Qxb2 10. Nc3 Be7
11. Rb1 Bxb1 12. Qa4+ b5 13. Nxb5 O-O 14. Nxc7 Be4 15. Nxa8 Bxa8 16. Qxa7 Bxf3 17. Bxf3 Qxd2 18. Qxe7 Qxd4 19. c5 Nbd7 20. c6 Re8
21. Qa3 Ne5 22. Rc1 Qd2 23. c7 Nxf3+ 24. gxf3 Rc8 25. Kg2 Qd7 26. Qc5 Nd5 27. a4 Qxc7 28. Qxc7 Rxc7 29. Rxc7 Nxc7 30. f4 f5
31. Kf3 Kf7 32. Ke3 Kf6 33. Kd4 Ke7 34. Kc5 Kd7 35. h4 Nd5 36. a5 Nxf4 37. a6 Kc7 38. a7 Kb7 39. Kd6 h6 40. Ke5 g5
41. hxg5 hxg5 42. Kf6 g4 43. Ke5 Nd3+
0-1

[Event "8 Player Open 11"]
[Site "SchemingMind.com"]
[Date "2014.09.11"]
[Round "-"]
[White "Stephen Woodhouse"]
[Black "Helga1946"]
[Result "0-1"]
[WhiteCountry "ENG"]
[BlackCountry "GER"]
[WhiteElo "1811"]
[WhiteRD "48"]
[BlackElo "2107"]
[BlackRD "89"]
[GameID "364157"]

1. e4 c5 2. c3 Nf6 3. e5 Nd5 4. d4 cxd4 5. Nf3 Nc6 6. cxd4 d6 7. Bc4 Nb6 8. Bb5 dxe5 9. Nxe5 Bd7 10. Nxd7 Qxd7
11. Nc3 e6 12. O-O Be7 13. Qg4 O-O 14. Bh6 Qxd4 15. Qg3 Bf6 16. Rad1 Qb4 17. Bxc6 bxc6 18. Rfe1 Nd5 19. Nxd5 cxd5 20. b3 Rfc8
21. Re3 Qd2 22. Rde1 Rc1
0-1

[Event "8 Player Open 11"]
[Site "SchemingMind.com"]
[Date "2014.09.11"]
[Round "-"]
[White "Helga1946"]
[Black "Stephen Woodhouse"]
[Result "1-0"]
[WhiteCountry "GER"]
[BlackCountry "ENG"]
[WhiteElo "2107"]
[WhiteRD "89"]
[BlackElo "1811"]
[BlackRD "48"]
[GameID "364158"]

1. e4 e6 2. d4 d5 3. Nc3 Nf6 4. Bg5 dxe4 5. Nxe4 Be7 6. Bxf6 Bxf6 7. Nf3 O-O 8. Bc4 Nc6 9. c3 e5 10. d5 Nb8
11. Qe2 Bf5 12. Bd3 Bxe4 13. Bxe4 Nd7 14. O-O-O Nc5 15. h4 Nxe4 16. Qxe4 a5 17. g4 a4 18. g5 Be7 19. Nxe5 a3 20. b3 Bd6
21. f4 f6 22. Nc4 fxg5 23. hxg5 Bxf4+ 24. Kb1 g6 25. Qe6+ Kh8 26. Ne5 Bxe5 27. Qxe5+ Kg8 28. Rxh7 Kxh7 29. Rh1+ Kg8 30. Rh8+ Kf7
31. Rh7+
1-0